000 01180njm a22002657a 4500
005 20100904103140.0
006 a|||||r|||||00| 0
007 sd ammalaaahaa
008 100830t xxu||||| |||| 00| 0 eng d
028 _aN.53061
_bHis Master's Voice
035 _aGR-582
040 _aSED
_cSED
100 _aMohd. Rafi
_917814
245 _aDuniya jhukti hai /
_cby Mohd. Rafi; music dtn by Hemant Kumar; lyrics by Rajinder Krishna
_h[soung recording] :
246 _aदुनिया झुकती है /
260 _aDum Dum, India
_bHis Master's Voice
300 _a1 sound disc [Gramophone Recording] :
_banalog, 33 1/3 rpm
_c9.5 in (MP)
_fGramophone Record
500 _aBrief record
505 _aSide-१ जो बिजलियों की शाख पे-१ (Jo bijliyon ki shaakh pe-1) (Mohd. Rafi) --Side-२ जो बिजलियों की शाख पे-२ (Jo bijliyon ki shakh me-2) (Mohd. Rafi)
650 _bClassical music
_xExcerpts.
_zIndia
_917460
700 _aHemant Kumar
_918225
700 _aRajinder Krishna
_918226
942 _2ddc
_cGR
999 _c43687
_d43687